000 00403 a2200145 4500
999 _c196
_d196
008 220322b ||||| |||| 00| 0 eng d
020 _a9781408112069
082 0 0 _a551.509162
_bC818
100 _aCornish, Maurice
245 _aReeds maritime meteorology /
_cby Maurice Cornish
260 _aLondon:
_bAdlard Coles Nautical,
_c2018.
300 _a3rd ed.
650 0 _aMarine Meteorology
942 _2ddc
_cBK